ADIM ADIM HAYATA (Record no. 711898)

MARC details
000 -LEADER
sabit uzunluktaki kontrol alanı 00239nam a2200097Ia 4500
001 - KONTROL NUMARASI
kontrol alanı 711898
005 - EN SON İŞLEMİN TARİH VE ZAMANI
kontrol alanı 20250826162817.0
008 - SABİT-UZUNLUKTA VERİ ÖĞELERİ--GENEL BİLGİ
sabit uzunluktaki kontrol alanı 250824s9999 xx 000 0 und d
245 #0 - ESER / YAZAR
ESER ADI ADIM ADIM HAYATA
Yazar Adı İPEK ONGUN
260 ## - YAYIN, DAĞITIM, VB.
YAYIN EVİ ARTEMİS YAYINLARI
Holdings
Düşüm durumu Kayıp durumu Hasar Durumu Ödünç verilmez Ana kütüphane Geçerli Kütüphane Edinilen tarih Toplam ödünç verme sayısı Barkod İade tarihi Son görüntüleme tarihi Son ödünç verme tarihi Fiyatın geçerli olmaya başladığı tarih Koha materyal türü
        SELÇUKLU FEN LİSESİ SELÇUKLU FEN LİSESİ 24.08.2025 1 1030522 16.04.2026 01.04.2026 01.04.2026 26.08.2025 Books